000 02195 a2200205 4500
001 46608
005 20260407155736.0
008 260407a1972 arg spa d
003 AR-UNSa-BCEJYS
040 _aAR-UNSa-BCEJYS
_bspa
_cAR-UNSa-BCEJYS
080 _a347.72
_xSociedades comerciales
245 1 0 _aLey de Sociedades Comerciales Nº 19550
264 1 _aBuenos Aires :
_bAbeledo Perrot
_c1972
300 _a183 p.
_c23 cm.
505 _a1. Acciones – 2. Administración y representación – 3. Aporte – 4. Asambleas – 5. Asociaciones – 6. Balance – 7. Balance – 8. Capital – 9. Comisión nacional de valores – 10. Consejo de vigilancia – 11. Contabilidad – 12. Cuenta de ganancias y pérdidas – 13. Debentures – 14. Directorio – 15. Disolución – 16. Disposiciones de aplicación y transitorias – 17. Dividendos – 18. Escisión – 19. Exclusión del socio – 20. Fiscalización – 21. Fiscalización estatal – 22. Forma – 23. Fundadores – 24. Fusión – 25. Ganancias – 26. Gerencia – 27. Herederos – 28. Inscripción – 29. Instrumento constitutivo – 30. Intervención judicial – 31. Legajo – 32. Liquidación – 33. Muerte del socio – 34. Nulidad – 35. Objeto social – 36. Participación en otras sociedades – 37. Procedimiento judicial – 38. Promotores – 39. Publicidad – 40. Síndico – 41. Sociedad accidental o en participación – 42. Sociedad anónima – 43. Sociedad anónima con participación estatal mayoritaria – 44. Sociedad colectiva – 45. Sociedad comercial – 46. Sociedad constituida en el extranjero – 47. Sociedad controlada – 48. Sociedad de capital e industria – 49. Sociedad de responsabilidad limitada – 50. Sociedad en comandita por acciones – 51. Sociedad en comandita simple – 52. Sociedad irregular y de hecho – 53. Sociedades vinculadas – 54. Socios – 55. Receso – 56. Registro nacional de sociedades por acciones – 57. Reglamento – 58. Reservas – 59. Resolución parcial – 60. Transformación – 61. Tipicidad –
942 _cBK
590 _aniveau_biblio:m niveau_hierar:0
100 1 _aLegón, Fernando A.
700 1 _aArgentina [Leyes, etc.]
999 _c4219
_d4219